Amigos de Dios / (Registro nro. 11756)
[ vista simple ]
| 000 -LEADER | |
|---|---|
| fixed length control field | 00818nam a22002537a 4500 |
| 001 - CONTROL NUMBER | |
| control field | 000631 |
| 003 - CONTROL NUMBER IDENTIFIER | |
| control field | DO-SdBNP |
| 005 - DATE AND TIME OF LATEST TRANSACTION | |
| control field | 20161101141115.0 |
| 007 - PHYSICAL DESCRIPTION FIXED FIELD--GENERAL INFORMATION | |
| fixed length control field | 000631 |
| 008 - FIXED-LENGTH DATA ELEMENTS--GENERAL INFORMATION | |
| fixed length control field | 161101b 1978 sp a ||||| |||| 00| 0 spa d |
| 020 ## - INTERNATIONAL STANDARD BOOK NUMBER | |
| International Standard Book Number | 031138532X |
| 040 ## - CATALOGING SOURCE | |
| Original cataloging agency | BPMSU |
| Language of cataloging | spa |
| Transcribing agency | BPMSU |
| 082 ## - DEWEY DECIMAL CLASSIFICATION NUMBER | |
| Classification number | xxxxx |
| Item number | xxxxx |
| 100 1# - MAIN ENTRY--PERSONAL NAME | |
| Personal name | Mandeville, Sylvia |
| 245 10 - TITLE STATEMENT | |
| Title | Amigos de Dios / |
| Statement of responsibility, etc. | texto de Sylvia Mandeville ; ilustraciones de Richard Deverell ; versión castellana de Edna Lee de Gutiérrez. |
| 260 ## - PUBLICATION, DISTRIBUTION, ETC. (IMPRINT) | |
| Place of publication, distribution, etc. | Buenos Aires, Argentina : |
| Name of publisher, distributor, etc. | Mundo Hispano, |
| Date of publication, distribution, etc. | 1978. |
| 300 ## - PHYSICAL DESCRIPTION | |
| Extent | 24 p. : |
| Other physical details | il. ; |
| Dimensions | 32 cm. |
| 490 1# - SERIES STATEMENT | |
| Series statement | Apunta con tu dedo |
| 700 1# - ADDED ENTRY--PERSONAL NAME | |
| Personal name | Deverell, Richard, |
| Relator term | il. |
| 700 1# - ADDED ENTRY--PERSONAL NAME | |
| Personal name | Gutiérrez, Edna Lee de |
| 830 #0 - SERIES ADDED ENTRY--UNIFORM TITLE | |
| Uniform title | Apunta con tu dedo. |
| 942 ## - ADDED ENTRY ELEMENTS (KOHA) | |
| Source of classification or shelving scheme | Dewey Decimal Classification |
| Koha item type | Libros |
| 956 ## - LOCAL ELECTRONIC LOCATION AND ACCESS (OCLC) | |
| Access method | LOPEREZ |
| Materials specified | 10 |
| Linkage | 20131101 |
| Field link and sequence number | BPMSU |
| Host name | 00041 |
| Withdrawn status | Lost status | Source of classification or shelving scheme | Damaged status | Not for loan | Collection code | Home library | Current library | Date acquired | Source of acquisition | Total Checkouts | Full call number | Barcode | Date last seen | Price effective from | Koha item type |
|---|---|---|---|---|---|---|---|---|---|---|---|---|---|---|---|
| Dewey Decimal Classification | Colección Juvenil General | Biblioteca Pública Metropolitana Salomé Ureña | Biblioteca Pública Metropolitana Salomé Ureña | 11/01/2016 | Donación | xxxxx xxxxx | BPMSU16110021 | 11/01/2016 | 11/01/2016 | Libros |